|
|
|
|
| LEADER |
00000cam a2200000 7i4500 |
| 001 |
0000006275 |
| 005 |
20220105104020.0 |
| 008 |
070815 |
| 020 |
|
|
|a 9832611121
|
| 090 |
0 |
0 |
|a JP
|b EL ENG (7199)
|
| 245 |
0 |
4 |
|a The crow and the peacock
|
| 260 |
|
|
|a Selangor :
|b Early Learner Publications ,
|c 2003
|
| 440 |
|
|
|a Large print
|v easy reader
|
| 500 |
|
|
|a Children age 4-6 years old (yellow)
|
| 650 |
|
0 |
|a Early learning
|
| 650 |
|
0 |
|a Junior preschool
|x English
|x Languages
|
| 999 |
|
|
|a 0000983088
|b Book
|c Children Collection
|e Perbadanan Perpustakaan Awam Johor
|
| 999 |
|
|
|a 0000986457
|b Book
|c Children Collection
|e Cawangan Pontian
|
| 999 |
|
|
|a 0001050380
|b Book
|c Children Collection
|e Cawangan Tmn. Ungku Tun Aminah
|
| 999 |
|
|
|a 0001050383
|b Book
|c Children Collection
|e Cawangan Tmn. Ungku Tun Aminah
|